000 00376nam a2200133Ia 4500
005 20260326100027.0
008 260326s9999||||xx |||||||||||||| ||und||
100 _aSegre, Roberto
245 0 _aArquitectura y Urbanismo de la Revolución Cubana /
_cRoberto Segre
260 _bEdiciones Pueblo y Educación
300 _a252 p.
650 _aARQUITECTURA REGIONAL
942 _cBK
999 _c6449
_d6449